Li Dazhao : reformis dan Marxis China /
Saved in:
| Main Author: | |
|---|---|
| Format: | Thesis Book |
| Language: | Malay |
| Published: |
2005.
|
| Subjects: | |
| Online Access: | http://studentsrepo.um.edu.my/id/eprint/2108 |
| Tags: |
Add Tag
No Tags, Be the first to tag this record!
|
| LEADER | 00969cam a2200265 a 4500 | ||
|---|---|---|---|
| 001 | u714493 | ||
| 003 | SIRSI | ||
| 008 | 051109s2005 my t 00 may m | ||
| 040 | |a UMM | ||
| 043 | |a a-cc--- | ||
| 090 | |a DS503.4 |b UM 2005 Yap | ||
| 100 | 1 | 0 | |a Yap, Hon Lun, |d 1976- |
| 245 | 1 | 0 | |a Li Dazhao : |b reformis dan Marxis China / |c Yap Hon Lun. |
| 260 | |c 2005. | ||
| 300 | |a viii, 204 leaves : |b ill. ; |c 30 cm. | ||
| 502 | |a Dissertation (M.A.) -- Jabatan Pengajian Asia Timur, Fakulti Sastera dan Sains Sosial, Universiti Malaya, 2005. | ||
| 504 | |a Bibliography: leaves 190-204. | ||
| 600 | 1 | 0 | |a Li, Dazhao, |d 1889-1927. |
| 650 | 0 | |a Reformers |z China. | |
| 650 | 0 | |a Socialism |z China |x History. | |
| 710 | 2 | 0 | |a Universiti Malaya. |b Jabatan Pengajian Asia Timur |
| 856 | 4 | 1 | |u http://studentsrepo.um.edu.my/id/eprint/2108 |
| 900 | |a HF | ||
| 596 | |a 1 | ||
| 999 | |a DS503.4 UM 2005 YAP |w LC |c 1 |i A511839880 |d 20/5/2009 |e 20/5/2009 |f 15/2/2006 |g 1 |l STACKS |m P01UTAMA |n 2 |r Y |s Y |t TESIS |u 14/2/2006 | ||
